Southville International School and Colleges
Your cart is empty.
  • Cart
  • Lists
    Public lists Eva Luna New books Lux_list list_1
    Your lists Log in to create your own lists
  • Log in to your account
  • Your cookies
  • Search history
Southville International School and Colleges
  • Advanced search
  • Recent comments
  • Most popular
  • Libraries

Log in to your account

Log in with GOOGLE


If you do not have an external account, but do have a local account, you can still log in:

  1. Home
  2. MARC view: Entrepreneurship and small business management /
Normal view MARC view ISBD view

Entrepreneurship and small business management / (Record no. 293310)

[ view plain ]
MARC details
000 -LEADER
fixed length control field 00721nam a2200253Ia 4500
008 - FIXED-LENGTH DATA ELEMENTS--GENERAL INFORMATION
fixed length control field 160404s9999 xx 000 0 und d
020 ## - INTERNATIONAL STANDARD BOOK NUMBER
International Standard Book Number 971-23-2093-6
050 ## - LIBRARY OF CONGRESS CALL NUMBER
Classification number FIL HD 62.7
050 ## - LIBRARY OF CONGRESS CALL NUMBER
Item number .M43 1996 c.1
100 ## - MAIN ENTRY--PERSONAL NAME
Personal name Medina, Roberto G.
245 ## - TITLE STATEMENT
Title Entrepreneurship and small business management /
245 ## - TITLE STATEMENT
Statement of responsibility, etc Roberto G. Medina.
260 ## - PUBLICATION, DISTRIBUTION, ETC. (IMPRINT)
Place of publication, distribution, etc Manila :
260 ## - PUBLICATION, DISTRIBUTION, ETC. (IMPRINT)
Name of publisher, distributor, etc Rex Book Store, Inc.,
260 ## - PUBLICATION, DISTRIBUTION, ETC. (IMPRINT)
Date of publication, distribution, etc 1996
300 ## - PHYSICAL DESCRIPTION
Extent 350 pages :
300 ## - PHYSICAL DESCRIPTION
Other physical details illustrations ;
300 ## - PHYSICAL DESCRIPTION
Dimensions 22 cm.
500 ## - GENERAL NOTE
General note Includes index.
650 ## - SUBJECT ADDED ENTRY--TOPICAL TERM
Topical term or geographic name as entry element Businessmen -- Philippines -- Biography.
650 ## - SUBJECT ADDED ENTRY--TOPICAL TERM
Topical term or geographic name as entry element Leadership.
650 ## - SUBJECT ADDED ENTRY--TOPICAL TERM
General subdivision Businesswomen -- Philippines -- Biography.
650 ## - SUBJECT ADDED ENTRY--TOPICAL TERM
General subdivision Leadership -- Philippines.
Holdings
Withdrawn status Lost status Damaged status Home library Current library Shelving location Date acquired Cost, normal purchase price Total Checkouts Full call number Barcode Date last seen Price effective from Koha item type
      South Mansfield College South Mansfield College Filipiniana Section 02/08/2006 290.00   FIL HD 62.7 .M43 1996 c.1 SMC03036 04/04/2016 04/04/2016  

Entrepreneurship and small business management /

APA

Medina R. G., .Entrepreneurship and small business management. Manila: .

Chicago

Medina Roberto G, .Entrepreneurship and small business management. Manila: .

Harvard

Medina R. G., .Entrepreneurship and small business management. Manila: .

MLA

Medina Roberto G, .Manila: . .

  • Place hold
  • Print
  • Cite
  • Add to your cart (remove)
  • Save record
    BIBTEX Dublin Core MARCXML MARC (non-Unicode/MARC-8) MARC (Unicode/UTF-8) MARC (Unicode/UTF-8, Standard) MODS (XML) RIS
  • More searches
    Search for this title in:
    Other Libraries (WorldCat) Other Databases (Google Scholar) Online Stores (Bookfinder.com) Open Library (openlibrary.org)

Exporting to Dublin Core...

SOUTHVILLE LIBRARY

Southville International School and Colleges Library

1281 Tropical Ave. Cor. Luxembourg St., BF Homes International, Las Pinas City

Tel. No. 8256374 / 252358 Loc. 117/146

Powered by Koha